00838nam a22001457a 4500999001900000008004100019245008200060260001100142300003100153520036900184773001100553906001500564942000700579952010600586 c527948d527948241009b ||||| |||| 00| 0 eng d aSwachh Bharat Mission successfully transforms India’s sanitation landscape  aYojana a68(10), Oct, 2024: p.17-21 aThe Swachh Bharat mission (SBM), launched by prime Minister Shri Narendra Modi on 2 October 2014, represents a paradigm shift towards with the ambitious goal of making India open., defecation free (ODF) by the 150th Birth anniversary of Mahatma Gandhi in 2019, this Imitative has since revolutionised country’s approach to hygiene and satiation. – Reproduced  aYojana aSANITATION cAR 00102ddc40709403029aIIPAbIIPAd2024-10-09h68(10), Oct, 2024: p.17-21pAR133379r2024-10-09yAR